[Event "Avoine op 25th"]
[Site "Avoine"]
[Date "2010.07.19"]
[Round "3"]
[White "Merrhein, Xavier"]
[Black "Debray, Christopher"]
[Result "0-1"]
[WhiteElo "1977"]
[BlackElo "2362"]
[PlyCount "132"]
[EventDate "2010.07.17"]
[EventType "swiss"]
[EventRounds "9"]
[EventCountry "FRA"]
[SourceTitle "EXT 2011"]
[Source "ChessBase"]
[SourceDate "2010.11.26"]
[SourceVersion "1"]
[SourceVersionDate "2010.11.26"]
[SourceQuality "1"]

1. e4 c5 2. c3 g6 3. d4 cxd4 4. cxd4 d5 5. exd5 Nf6 6. Bc4 Bg7 7. Nc3 0-0 8. Nf3 Nbd7 9. 0-0 Nb6 10. Qb3 Nxc4 11. Qxc4 Qd6 12. g3 Rd8 13. Bf4 Qa6 14. Qxa6 bxa6 15. d6 exd6 16. Nd2 Be6 17. Rfd1 Rab8 18. b3 Rb4 19. Be3 Ng4 20. Nf3 Nxe3 21. fxe3 Bh6 22. Re1 Rc8 23. Rac1 Rb7 24. Kf2 Rbc7 25. Ne2 Rc2 26. Rxc2 Rxc2 27. Ra1 Rb2 28. Nfg1 Bd5 29. g4 f5 30. gxf5 gxf5 31. Nh3 Bc6 32. Nhf4 Bxf4 33. exf4 Bb5 34. Re1 Rxa2 35. Kf3 Rb2 36. Nc1 Bc6+ 37. Kg3 Rg2+ 38. Kh3 Rg4 39. Re2 Bb5 40. Rf2 Rg1 41. Rg2+ Rxg2 42. Kxg2 Kf7 43. Na2 Bc6+ 44. Kf2 Bd5 45. Nc1 a5 46. Kg3 Kf6 47. Kh4 Be6 48. Kg3 h6 49. Kf3 Bd5+ 50. Kf2 a6 51. Ke3 Kg6 52. Kf2 Kh5 53. Kg3 Be4 54. Kh3 Bc2 55. Kg3 Bd1 56. Kh3 a4 57. bxa4 a5 58. Na2 Bxa4 59. Nc3 Bc6 60. Nb1 Kg6 61. Kg3 Kf6 62. Kf2 Ke6 63. Ke3 Kd5 64. Na3 Bb7 65. Nb5 Bc8 66. Kd2 Bb7 0-1

[Event "Val Thorens op"]
[Site "Val Thorens"]
[Date "1993.??.??"]
[Round "2"]
[White "Merrhein, Xavier"]
[Black "Vareille, Francois"]
[Result "0-1"]
[WhiteElo "1870"]
[BlackElo "2315"]
[PlyCount "76"]
[EventDate "1993.??.??"]
[EventType "swiss"]
[EventRounds "8"]
[EventCountry "FRA"]
[SourceTitle "EXT 1999"]
[Source "ChessBase"]
[SourceDate "1998.11.16"]
[SourceVersion "1"]
[SourceVersionDate "1998.11.16"]
[SourceQuality "1"]

1. e4 e6 2. d4 d5 3. Nc3 Bb4 4. e5 c5 5. a3 Bxc3+ 6. bxc3 Ne7 7. Qg4 Kf8 8. Bd3 Qa5 9. Bd2 Qa4 10. c4 dxc4 11. dxc5 Bd7 12. Qxc4 Qxc4 13. Bxc4 Bc6 14. Ne2 Bxg2 15. Rg1 Bc6 16. Nf4 Nd7 17. Nd3 Ng6 18. Bc3 Ke7 19. Ke2 Rhc8 20. Bd4 Be4 21. Rab1 Rab8 22. Ke3 Bxd3 23. Bxd3 Nxc5 24. h4 Nxd3 25. Kxd3 b6 26. c3 Kf8 27. Ke4 Rc4 28. Rb4 Rbc8 29. h5 Ne7 30. Rxc4 Rxc4 31. Kd3 Ra4 32. Ra1 Nc6 33. c4 Na5 34. Bc3 Nb3 35. Bb4+ Rxb4 36. axb4 Nxa1 37. Kc3 a6 38. Kb2 h6 0-1